|
|
|
|
| LEADER |
01091nab a2200289 i 4500 |
| 001 |
publ24445 |
| 005 |
20220527105025.0 |
| 008 |
220527s2022 hu o 0|| Angol d |
| 022 |
|
|
|a 1368-7646
|
| 024 |
7 |
|
|a 10.1016/j.drup.2022.100844
|2 doi
|
| 024 |
7 |
|
|a 32832029
|2 mtmt
|
| 040 |
|
|
|a SZTE Publicatio Repozitórium
|b hun
|
| 041 |
|
|
|a Angol
|
| 100 |
2 |
|
|a Domínguez-Álvarez Enrique
|
| 245 |
1 |
0 |
|a Selenium and tellurium in the development of novel small molecules and nanoparticles as cancer multidrug resistance reversal agents
|h [elektronikus dokumentum] /
|c Domínguez-Álvarez Enrique
|
| 260 |
|
|
|c 2022
|
| 300 |
|
|
|a Terjedelem: 24 p.-Azonosító: 100844
|
| 490 |
0 |
|
|a DRUG RESISTANCE UPDATES
|v 63
|
| 650 |
|
4 |
|a Általános orvostudomány
|
| 700 |
0 |
1 |
|a Rácz Bálint
|e aut
|
| 700 |
0 |
1 |
|a Marć Małgorzata Anna
|e aut
|
| 700 |
0 |
1 |
|a Nasim Muhammad Jawad
|e aut
|
| 700 |
0 |
1 |
|a Szemerédi Nikoletta
|e aut
|
| 700 |
0 |
1 |
|a Viktorová Jitka
|e aut
|
| 700 |
0 |
1 |
|a Claus Jacob
|e aut
|
| 700 |
0 |
1 |
|a Spengler Gabriella
|e aut
|
| 856 |
4 |
0 |
|u http://publicatio.bibl.u-szeged.hu/24445/1/DRU_2022.pdf
|z Dokumentum-elérés
|